| 000 | 00445nam a2200181Ia 4500 | ||
|---|---|---|---|
| 001 | 3122 | ||
| 005 | 20260306144857.0 | ||
| 008 | 260306t2007||||xx |||||||||||||| ||spa|| | ||
| 041 | _aESP | ||
| 082 |
_a260 _bC76 |
||
| 110 | _aConferencia Episcopal Peruana | ||
| 245 | 0 | _aV Conferencia general del Episcopado Latinoamericano y del el Caribe | |
| 260 | _c2007 | ||
| 300 |
_a _c |
||
| 650 | _aGEN | ||
| 654 | _aCHU | ||
| 942 |
_cLIB _dJUS _fJUS _2ddc _n |
||
| 999 |
_c3122 _d3122 |
||